000 00393nam a2200121Ia 4500
008 210430s9999 xx 000 0 und d
020 _a978-0-226-06565-6
082 _a001.42 B7241C
100 _aWayne V. Booth, Gregory G. Colomb, Joseph M. Williams
245 4 _aThe Craft of Research 3rd Edition
_cWayne V. Booth, Gregory G. Colomb, Joseph M. Williams
300 _a316
942 _cBK
_2ddc
999 _c565157
_d565157